[Event "Campo Grande op 2nd"]
[Site "Campo Grande"]
[Date "2014.09.05"]
[Round "1"]
[White "Souza dos Santos, Matheus Garcett"]
[Black "Davi, Biase Carneiro"]
[Result "1-0"]
[WhiteElo "1981"]
[BlackElo "1800"]
[PlyCount "51"]
[EventDate "2014.09.05"]
[EventType "swiss"]
[EventRounds "5"]
[EventCountry "BRA"]
[SourceTitle "CBM 162 Extra"]
[Source "ChessBase"]
[SourceDate "2014.10.17"]
[SourceVersion "1"]
[SourceVersionDate "2014.10.17"]
[SourceQuality "1"]

1. e4 e5 2. Nf3 d6 3. Bc4 Be7 4. h3 Nf6 5. d3 Bd7 6. 0-0 0-0 7. c3 Nc6 8. Bb3 a5 9. Nbd2 d5 10. exd5 Nb8 11. Nxe5 Bc8 12. c4 Bd6 13. d4 Bxe5 14. dxe5 Ne8 15. Ne4 Bxh3 16. gxh3 Ra6 17. Bg5 h6 18. Bxd8 Rg6+ 19. Ng3 Na6 20. Bc2 Rb6 21. Be7 c6 22. Qd3 g6 23. Nf5 f6 24. Nxh6+ Kh8 25. Qxg6 Rxb2 26. Qh7# 1-0